| 000 | 00726nam a2200229 i 4500 | ||
|---|---|---|---|
| 001 | bg | ||
| 245 | 0 | 0 |
_aSWW Systematyczny Wykaz Wyrobów i tabele stawek VAT : _bskrócony. |
| 250 | _aStan prawny na dzień 15 maja 1997 r. | ||
| 260 |
_aWarszawa : _bInfor, _c1997. |
||
| 300 |
_a80 s. ; _c21 cm. |
||
| 650 | 9 |
_aPodatek od towarów i usług _xprawo _zPolska _ystan na 1997 r. |
|
| 650 | 9 |
_aTowary _xklasyfikacja _zPolska |
|
| 650 | 9 |
_aUsługi _xklasyfikacja _zPolska |
|
| 700 | 1 |
_aJURCZEWSKA, Marzena. _eRed. |
|
| 020 | _a8387261173 | ||
| 040 | _cBPK | ||
| 041 | 0 | _apl | |
| 080 | _a342.951:351.72:336.2:66/69+62+338.46](438)(083.8) | ||
| 920 | _a83-87261-17-3 | ||
| 942 | _cKS | ||
| 008 | s pl f |000 0 pol | ||
| 999 |
_c32496 _d32496 |
||
| 856 |
_uhttp://koha.tu.koszalin.pl/cgi-bin/koha/opac-detail.pl?biblionumber=32496 _yKatalog online BPK |
||